000 00293nam a2200121 i 4500
001 bg
245 0 _aLaboratorim elektrotechniki teoretycznej :
_bobwody elektryczne.
260 _aWarszawa,
_c1989.
040 _cBPK
041 _apol
942 _cKS
008 s pl f |000 0 pol
999 _c4074
_d4074
856 _uhttp://koha.tu.koszalin.pl/cgi-bin/koha/opac-detail.pl?biblionumber=4074
_yKatalog online BPK